000 00364cam a22001217a 4500
008 180718b1958 xxu||||| |||| 00| 0 eng d
082 _aC4x73 M192
245 _aAmerican constitutional law reader
_cedited by Robert B. McKay
260 _aNew York
_bOceana
_c1958
300 _a255p.
650 _aConstitutional law --United States
700 _aMcKay, Robert B., ed.
999 _c373043
_d373043